Principii di economia finanziaria / (Record no. 52666)

MARC details
000 -LEADER
campo de control de longitud fija 00446nam a2200145 i 4500
001 - NÚMERO DE CONTROL
campo de control 52666
003 - IDENTIFICADOR DE NÚMERO DE CONTROL
campo de control ES-MaACL
007 - CAMPO FIJO DE DESCRIPCIÓN FÍSICA--INFORMACIÓN GENERAL
campo de control de longitud fija t|
008 - DATOS DE LONGITUD FIJA--INFORMACIÓN GENERAL
campo de control de longitud fija 030902s1939 it ||||1| ita d
100 1# - ENTRADA PRINCIPAL--NOMBRE DE PERSONA
Nombre de persona De Viti de Marco, Antonio.
9 (RLIN) 43082
245 10 - MENCIÓN DEL TÍTULO
Título Principii di economia finanziaria /
Mención de responsabilidad, etc. Antonio de Viti de Marco.
260 ## - PUBLICACIÓN, DISTRIBUCIÓN, ETC.
Lugar de publicación, distribución, etc. Torino :
Nombre del editor, distribuidor, etc. Giuliu Einaudi,
Fecha de publicación, distribución, etc. 1939 (
Fabricante Lorenzo Ratero)
300 ## - DESCRIPCIÓN FÍSICA
Extensión XXXII, 419 p. ;
Dimensiones 25 cm.
852 ## - LOCALIZACIÓN
Ubicación ES-MaACL
Número de control de estantería L-4061
Sublocalización o colección R.104977
Holdings
Estatus retirado Estado de pérdida Estado de daño No para préstamo Biblioteca de origen Biblioteca actual Ubicación en estantería Fecha de adquisición Fuente de adquisición Total de préstamos Signatura topográfica completa Código de barras Visto por última vez Precio de reemplazo Tipo de ítem Koha
        Biblioteca del Ateneo de Madrid Biblioteca del Ateneo de Madrid Depósito 2 17/01/2008     L-4061 1055353 23/02/2023 23/02/2023 Libro impreso